01799cac a2200397 i 4500003000900000005001700009008004100026020002400067020001800091040004300109082002400152100005000176245010000226264006000326264001000386300003600396336002600432337002800458338002700486500002400513504005200537590002100589650004900610650008100659650003500740650005700775651005700832651007300889651006600962653002301028655002401051942001201075999001501087952014701102952015201249EG-ScBUE20240528100708.0150805t1994 nyub f bd 001 0 eng d a0876091516 (pbk.) : a9780876091517 aEG-ScBUEbengerdacEG-ScBUEdEG-ScBUE04a956.704421bGAU2221 aGause, F. Gregory, eauthor.93104210aOil monarchies :bdomestic and security challenges in the Arab Gulf states /cF. Gregory Gause. 1aNew York :bCouncil on Foreign Relations Press,c[1994] 4cc1994 axii, 237 pages :bmaps ;c23 cm 2rdacontentatextbtxt aunmediated2rdamediabn avolumebnc2rdacarrier aIncludes glossary.  aIncludes bibliographical references and index.  aMohamed Hussein  7aIslam and statezPersian Gulf Region.2BUEsh 7aPetroleum industry and tradexPolitical aspectszPersian Gulf Region.2BUEsh 7aPersian Gulf War, 1991.2BUEsh 7aPolitical participationzPersian Gulf Region.2BUEsh 7aPersian Gulf RegionxPolitics and government.2BUEsh 7aPersian Gulf RegionxForeign relationszUnited States.2BUEsh936381 7aUnited StatesxForeign relationszPersian Gulf Region.2BUEsh bBUSBOLcAugust2015 vReading book934232 cNB2ddc c5066d5066 00102ddc40708AlahramaMAINbMAINc2NDd2011-10-07ePurchasel7o956.704421 GAUp000006184r2025-07-15 00:00:00s2013-12-11w2007-10-11yNB 00102ddc40708AlahramaMAINbMAINc2NDd2011-10-07ePurchasel17m15o956.704421 GAUp000006181r2025-07-15 00:00:00s2014-10-21w2007-10-11yBB